| 000 | 01259cab a2200181 4500 | ||
|---|---|---|---|
| 001 | ##L133362 | ||
| 008 | 060503n2006 000 0 eng u | ||
| 035 | _a(Sirsi) u133362 | ||
| 041 | 0 | _aeng | |
| 100 | 1 | _aShepherd, Mark | |
| 245 | 0 | 0 | _aLots at stake |
| 260 | _c2006 | ||
| 490 | 0 |
_aProperty Week _v71(17) 28 April 2006, 62-63(2) |
|
| 520 | _aThe Casino Advisory Panel is due to shortlist prospective locations for the UK's first supercasino at the end of May. Local authorities are competing for a prize that could provide the opportunity to regenerate underused sites and create hundreds of jobs; London and Blackpool are the current favourites. But there is doubt over how many supercasinos will be built and growing concern that many local authorities have already struck preferred bidder arrangements with casino operators. The panel have denied these accusations, insisting that the wining locations will be chosen on the basis of the greatest social impact and regeneration benefits. The proposals of the local authorities shortlisted for the supercasino will be put out for public examination in August and September 2006. | ||
| 590 | _aIKA090506 | ||
| 690 | _aPROPERTY-COMMERCIAL PROPERTY-LEISURE PROPERTY-ENTERTAINMENT PROPERTY | ||
| 942 | _n0 | ||
| 999 |
_c76952 _d76952 |
||